[Event "Blackpool zt"]
[Site "Blackpool"]
[Date "1990.??.??"]
[Round "?"]
[White "Suba, Mihai"]
[Black "Motwani, Paul"]
[Result "1-0"]
[WhiteElo "2505"]
[BlackElo "2470"]
[Annotator "Horn,Pe"]
[PlyCount "199"]
[EventDate "1990.05.??"]
[EventType "tourn"]
[EventRounds "11"]
[EventCountry "ENG"]
[EventCategory "8"]
[SourceTitle "CBM 018"]
[Source "ChessBase"]
[SourceDate "1990.10.01"]
[SourceVersion "1"]
[SourceVersionDate "1990.10.01"]
[SourceQuality "1"]

1. Nf3 d5 2. c4 dxc4 3. e3 Nf6 4. Bxc4 e6 5. b3 a6 6. Bb2 c5 7. O-O Nc6 8. Be2
{Kommt b7-b5 zuvor, auf das jetzt a4 folgen kann.} Be7 9. Qc2 {N} (9. d4 O-O
10. Nbd2) 9... Nb4 10. Qc3 O-O 11. Rd1 b5 (11... b6 $5 {/\ Bb7}) 12. a4 Bd7 13.
Ne5 Be8 14. Qc1 Qb8 15. h3 Nfd5 16. Nf3 Bd7 17. Nc3 Rc8 18. axb5 axb5 19. Rxa8
Qxa8 20. Ne5 Be8 21. Nxb5 c4 $1 {die Pointe des schwarzen Spiels: Nb5 muß
ziehen.} 22. Nc3 cxb3 23. Qb1 f6 24. Nxd5 Qxd5 25. e4 Qa5 26. Nc4 Qa2 27. Ne3
Bf7 (27... e5 $5 28. Bc4+ Bf7 29. Bxf7+ Kxf7) 28. e5 $1 Bg6 (28... Qxb1 29.
Rxb1 Bg6 $10) 29. Qxa2 bxa2 30. Bc4 Kf7 31. f4 Bd3 32. Bb3 Bc5 33. Ra1 Bxe3+ (
33... Bc4 34. Bxc4 Bxe3+ 35. dxe3 Rxc4 36. Ba3 Nc2 37. Rxa2 Nxe3 $10) (33...
Nc2 $5 34. Rxa2 (34. Bxc2 Bxe3+ 35. dxe3 Rxc2 36. Rxa2 Be4) 34... Nxe3 35. dxe3
Bxe3+) 34. dxe3 Bb1 (34... Be4) 35. exf6 gxf6 36. f5 $1 Bxf5 37. Rf1 Ke7 $2 (
37... Nd3 38. Rxf5 (38. Ba1 Nc1) 38... Nxb2 39. Bxa2 Ra8) 38. Ba3 Rb8 39. Bxa2
Kd7 40. Rd1+ Ke8 41. Bc4 Nc2 42. Bc5 Rc8 43. Bb5+ Kf7 44. Rd7+ Kg6 45. Ba7 Nb4
46. Rd4 Nc2 47. Ra4 e5 48. g4 Be6 49. Bd3+ Kg5 50. Bxh7 Bb3 51. Ra5 Rh8 52. Bf5
Rxh3 53. Kf2 Kh4 54. Ke2 Rh2+ 55. Kd3 Ne1+ 56. Kc3 Bf7 57. Bb6 Nf3 58. Bd8 Kg5
59. Ra7 Bg6 60. Rg7 Nh4 61. e4 Ra2 62. Rg8 Ra6 63. Kc4 Kh6 64. Rh8+ Kg5 65. Kb5
Bxf5 66. Kxa6 Bxe4 67. Rf8 Kxg4 68. Rxf6 Bd3+ 69. Kb6 e4 70. Kc5 Nf5 71. Kd5 e3
72. Ba5 Kf3 73. Rf8 e2 74. Rh8 Kf2 75. Rh2+ Kg3 76. Rh1 Bc2 77. Bd2 Kf2 78.
Rh2+ Kf1 79. Ke5 Ng3 80. Kf4 Ne4 81. Ba5 Nf2 82. Kg3 Ne4+ 83. Kf3 Ng5+ 84. Ke3
Bd1 85. Rf2+ Kg1 86. Be1 Nh3 87. Rf3 Kg2 88. Rg3+ Kh2 89. Rg7 Ng1 90. Rg8 Nh3
91. Ba5 Kh1 92. Kd2 Nf2 93. Bb6 Ng4 94. Ke1 Ne5 95. Rg3 Kh2 96. Re3 Nc4 97.
Bc7+ Kg2 98. Rg3+ Kh1 99. Kf2 e1=Q+ 100. Kxe1 1-0

[Event "Haninge"]
[Site "Haninge"]
[Date "1990.??.??"]
[Round "8"]
[White "Wojtkiewicz, Aleksander"]
[Black "Seirawan, Yasser"]
[Result "0-1"]
[WhiteElo "2550"]
[BlackElo "2595"]
[Annotator "Horn,Pe"]
[PlyCount "100"]
[EventDate "1990.05.??"]
[EventType "tourn"]
[EventRounds "11"]
[EventCountry "SWE"]
[EventCategory "14"]
[SourceTitle "CBM 018"]
[Source "ChessBase"]
[SourceDate "1990.10.01"]
[SourceVersion "1"]
[SourceVersionDate "1990.10.01"]
[SourceQuality "1"]

1. Nf3 d5 2. c4 d4 3. g3 Nc6 4. Bg2 e5 5. O-O Nf6 6. d3 a5 7. e3 (7. Na3) 7...
dxe3 $1 8. Bxe3 Be7 9. Nc3 O-O 10. Re1 $6 (10. d4 exd4 11. Nxd4 Nxd4 12. Qxd4
Qxd4 13. Bxd4 Rd8 14. Be5 c6 15. Na4 Be6 16. b3 Rd3 17. Rfd1 Rxd1+ 18. Rxd1 Rd8
19. Rxd8+ Bxd8 $10 {Savon-Furman, Gori 1971}) 10... Ng4 11. Nd5 Nxe3 12. Nxe7+
Qxe7 13. fxe3 $6 (13. Rxe3 $5 Bg4 14. h3) 13... Bg4 $1 (13... e4 14. Nd4 exd3
15. Nxc6 bxc6 16. Qxd3) 14. Qb3 {/\ d4} e4 $1 15. dxe4 Bxf3 16. Bxf3 a4 $1 17.
Qc3 (17. Qxb7 $2 Nb4 $1 $19) 17... a3 18. Rab1 axb2 19. Rxb2 Ra3 20. Rb3 Rxb3
21. axb3 Qe5 22. Qxe5 Nxe5 23. Be2 Ra8 $19 24. Rd1 Kf8 25. b4 Ke7 26. b5 f6 27.
Kf2 Ra2 28. Kf1 Rc2 29. Rd4 Rc3 30. Kf2 h6 31. h3 g6 32. Bf1 h5 33. Be2 Nf7 34.
Bf1 Ng5 35. h4 Nf7 36. Bd3 Ne5 37. Be2 b6 38. Rd5 Rc2 39. Ke1 Nxc4 40. Bxc4
Rxc4 41. e5 f5 42. Ke2 Ke6 43. Rd8 Kxe5 44. Rd7 Rc5 45. Kf3 c6 46. bxc6 Rxc6
47. Rd8 Rd6 48. Rb8 Kd5 49. Kf4 Kc5 50. Ke5 Rc6 0-1

[Event "Sochi-B"]
[Site "Sochi"]
[Date "1989.??.??"]
[Round "?"]
[White "Shcherbakov, Ruslan"]
[Black "Yakovich, Yuri"]
[Result "1/2-1/2"]
[WhiteElo "2360"]
[BlackElo "2450"]
[Annotator "Horn,Pe"]
[PlyCount "25"]
[EventDate "1989.10.??"]
[EventType "tourn"]
[EventRounds "11"]
[EventCountry "URS"]
[EventCategory "7"]
[SourceTitle "CBM 016"]
[Source "ChessBase"]
[SourceDate "1990.06.01"]
[SourceVersion "1"]
[SourceVersionDate "1990.06.01"]
[SourceQuality "1"]

1. Nf3 d5 2. c4 dxc4 3. Qa4+ Nd7 4. g3 a6 5. Nc3 (5. Qxc4 b5 6. Qc2 Bb7 7. Bg2
c5 8. O-O Rc8 $10) 5... e6 $1 {Vaganians Vorschlag} (5... Rb8 6. Qxc4 b5 7. Qh4
Bb7 8. Bg2 {Vaganian-Yakovich, Soci 86}) 6. Bg2 Rb8 7. Qxc4 b5 8. Qb3 Bb7 9.
O-O Ngf6 10. d3 Bd6 11. Bg5 O-O 12. Nd2 Bxg2 13. Kxg2 1/2-1/2

[Event "Platonov Memorial"]
[Site "Kiev"]
[Date "1995.??.??"]
[Round "9"]
[White "Nikolaevsky, Yuri V"]
[Black "Savchenko, Stanislav"]
[Result "1/2-1/2"]
[WhiteElo "2405"]
[BlackElo "2590"]
[Annotator "Horn,Pe"]
[PlyCount "74"]
[EventDate "1995.??.??"]
[EventType "tourn"]
[EventRounds "13"]
[EventCountry "UKR"]
[EventCategory "10"]
[SourceTitle "CBM 051"]
[Source "ChessBase"]
[SourceDate "1996.04.01"]
[SourceVersion "1"]
[SourceVersionDate "1996.04.01"]
[SourceQuality "1"]

1. Nf3 d5 2. c4 d4 3. b4 f6 4. e3 e5 5. c5 {Von Bareev angegeben} (5. Qb3) (5.
Bb2) 5... a5 6. Bb5+ $5 $146 {provoziert c6} (6. Qb3 axb4 7. Bc4 Nh6 8. O-O
Bxc5 9. exd4 $13 {Ilinsky-Lev/Gausdal/1991}) (6. Bc4 axb4 7. Qb3 {(Bareev)
führt mit Zugumstellung zu Ilinsky-Lev}) 6... c6 7. Bc4 Bg4 (7... axb4) 8. exd4
(8. Qb3 $5 Nh6 $8 9. exd4 Bxf3 10. gxf3 (10. Qxf3 $2 Qxd4 11. Qc3 Qe4+ 12. Kf1
axb4 13. Qxb4 Qd4 14. Bb2 Bxc5) 10... Qxd4 11. Bb2 Qf4 12. a3 (12. d4 $6 exd4
13. O-O axb4 14. Re1+ Kd8 15. Bxd4 Bxc5 16. Bxc5 Qg5+ 17. Kh1 Qxc5 18. a3 $13)
12... axb4 13. axb4 Rxa1 14. Bxa1 $13) 8... e4 9. Qe2 Qe7 10. h3 exf3 11. Qxe7+
Nxe7 12. hxg4 fxg2 13. Rg1 h5 $1 (13... axb4 14. Rxg2 h5) 14. bxa5 $6 (14. gxh5
Rxh5 15. Rxg2 Rh1+ 16. Bf1 axb4 17. Bb2) 14... hxg4 15. Rxg2 Rh1+ 16. Bf1 f5
$36 17. d3 (17. Na3 Rxa5 (17... Ng6 18. Rg3 Nh4 (18... Rxa5 19. Rb1 Ra7 20.
Rgb3 Nh4 21. Ke2 f4) 19. Ke2 Ng6 (19... Nf3 20. Bg2 Nxd4+ 21. Kd3 Rh2 22. Kxd4
Rxa5) 20. Ke1) 18. Rb1 Ra7 19. Rg3 Ng6 (19... Kd8 20. Rgb3 Kc8 21. Nc4 Nd5) 20.
f3 Be7) 17... Ng6 18. f3 (18. Nd2 Rxa5 19. Nc4 Ra4 20. f3) 18... Nh4 19. Re2+
Kf7 20. fxg4 fxg4 21. Rf2+ (21. Bf4 g5 $1 22. Be5 Nd7 23. Nd2 Nxe5 24. Rxe5 Bg7
$19) 21... Nf3+ (21... Kg8 $5 22. Bf4 Nf3+ 23. Rxf3 $1 (23. Kd1 Nxd4 24. Nd2
Nd7 $19) 23... gxf3 24. Nd2 $17) 22. Ke2 Kg8 23. Be3 Nd7 24. Nd2 Nxd2 25. Kxd2
(25. Bxd2 Re8+ 26. Be3 (26. Kd1 $2 g3 $1 $19) 26... Nxc5 $1 $19) 25... Rxa5 26.
a4 Nf6 $1 (26... b5 27. d5 $1 $132) (26... b6 27. Rg2 bxc5 28. dxc5 Nxc5 29.
Bxc5 Bxc5 30. Rxg4 $10) 27. Rg2 Be7 28. Kc2 Nd5 29. Bd2 Ra8 30. Kb2 Bf6 $2 (
30... Rf8 $1 31. Be2 Rxa1 32. Kxa1 g3 $1 $17) 31. Rxg4 Rh2 32. Kc1 Rf8 33. Bg2
Bxd4 34. Bxd5+ cxd5 35. Rxd4 Rf1+ 36. Kb2 Rxd2+ 37. Kc3 Rxd3+ 1/2-1/2

[Event "Moscow4"]
[Site "Moscow"]
[Date "1992.??.??"]
[Round "?"]
[White "Shchekachev, Andrei"]
[Black "Ivanov, V."]
[Result "1-0"]
[WhiteElo "2465"]
[BlackElo "2355"]
[Annotator "Horn,Pe"]
[PlyCount "77"]
[EventDate "1992.??.??"]
[EventType "tourn"]
[EventRounds "11"]
[EventCountry "RUS"]
[EventCategory "7"]
[SourceTitle "CBM 030"]
[Source "ChessBase"]
[SourceDate "1992.10.01"]
[SourceVersion "1"]
[SourceVersionDate "1992.10.01"]
[SourceQuality "1"]

1. g3 d5 2. Bg2 g6 3. Nf3 Bg7 4. O-O e5 5. d3 Ne7 6. c4 d4 {->A09} (6... c6 $10
) 7. b4 O-O 8. Nbd2 a5 9. b5 c5 10. bxc6 Nexc6 11. Rb1 (11. Ba3 Nb4 12. Qb3 $1
N8a6 (12... Qe7 13. Ne1 N8c6 14. Nc2 Bh6 $13 {David-Burger, corr 1990}) 13.
Bxb4 axb4 14. a3 bxa3 15. Qxa3 Re8 16. Rfb1 $16 {Larsen-Chandler, Hastings 1987
}) 11... Na6 12. Nb3 $5 (12. Ne1 Re8 13. Nc2 Nab4 14. Rb2 Bf8 15. a3 Na6 $15 {
Dizdarevic-Pr.Nikolic, Sarajevo 1987}) 12... Re8 (12... a4 13. Na1 Nc5 14. Ba3
$16) (12... Nab4 13. Qd2 $14) 13. Ba3 Bf8 14. Bxf8 Rxf8 15. Qc1 Qe7 16. Re1
Nab4 17. Qd2 {/\ a3} (17. a3 $2 Na2 {/\ Nc3-/+}) 17... Qd8 18. Nc5 $1 b6 19.
Na4 Rb8 20. a3 Na6 21. c5 $1 b5 (21... bxc5 22. Rxb8 Naxb8 (22... Ncxb8 23.
Nxe5 $16) 23. Nxc5 $16) 22. Nb6 Nxc5 23. Nxc8 Rxc8 (23... Qxc8 24. Rec1 Ne7 25.
Nxe5 $18) 24. Rxb5 Qd6 25. Qh6 {/\ Ng5} f6 (25... Ne6) 26. Rc1 Na7 (26... Na4
$2 27. Nh4 {/\ Bd5} Ne7 28. Rxc8 Rxc8 29. Rxa5 $16) 27. Rxa5 (27. Rbb1 $5)
27... Qb6 28. Nh4 $1 Rfd8 $2 (28... Qxa5 29. Bd5+ Rf7 (29... Kh8 $4 30. Nxg6#)
30. Bxf7+ (30. Nxg6 {/\ Ne7} Qc7 $1 (30... Rcc7 31. Qf8#) (30... hxg6 31. Qxg6+
Kh8 (31... Kf8 32. Qxf7#) 32. Bxf7 $18) 31. Nh4 $13) 30... Kxf7 31. Qxh7+ Ke6
32. Qxg6 (32. Nxg6 Qc7 33. Qh3+ (33. Nf8+ Kd6) 33... Kd6) 32... Qxa3 33. Qf5+
Kd5 34. Qf3+ $13) 29. Bh3 Qxa5 (29... f5 $2 30. Bxf5) 30. Rxc5 {><e6} Qa6 (
30... Qxc5 31. Be6+ Kh8 32. Nxg6#) 31. Bxc8 Rxc8 32. Qc1 $18 Rxc5 33. Qxc5 Qa4
34. Nf3 Nb5 35. Qc6 Kg7 36. Kg2 Qb3 37. Nd2 Qc3 38. Qd7+ Kh6 39. Ne4 1-0

[Event "Politiken Cup 18th"]
[Site "Copenhagen"]
[Date "1996.??.??"]
[Round "7"]
[White "Gausel, Einar"]
[Black "Mortensen, Erling"]
[Result "1-0"]
[WhiteElo "2515"]
[BlackElo "2430"]
[Annotator "Horn,Pe"]
[PlyCount "91"]
[EventDate "1996.06.??"]
[EventType "swiss"]
[EventRounds "11"]
[EventCountry "DEN"]
[SourceTitle "CBM 054"]
[Source "ChessBase"]
[SourceDate "1996.10.01"]
[SourceVersion "1"]
[SourceVersionDate "1996.10.01"]
[SourceQuality "1"]

1. Nf3 d5 2. c4 d4 3. e3 dxe3 $6 {Ein Experiment. Schwarz überläßt dem Weißen
ohne Zwang das Zentrum.} (3... Nc6 $10) 4. fxe3 g6 5. d4 Bg7 6. Nc3 Nh6 7. e4 (
7. Bd3 {/\ 0-0}) 7... O-O 8. Be2 Bg4 9. Be3 {[%cal Rd1d2]} (9. O-O $4 Bxf3)
9... Bxf3 10. gxf3 (10. Bxf3 e5 (10... Nc6 $6 11. Qd2 Nxd4 12. Bd1 g5 13. Bxg5
Qd6) 11. d5 (11. dxe5 Nc6 $132) 11... f5 (11... Nd7 12. Qd2 $16)) 10... f5 (
10... e5 11. dxe5 (11. d5 f5) 11... Qh4+ 12. Bf2 Qg5) 11. Qd2 e5 (11... Nf7 12.
exf5 gxf5 13. d5 $16) (11... fxe4 $6 12. fxe4 (12. Bxh6 Bxh6 13. Qxh6 exf3)
12... Nf7 13. O-O-O $16) 12. O-O-O (12. Bg5 Qxd4 (12... Qd7 13. Bxh6 exd4 14.
Bxg7 Qxg7 15. Nd1 $16) 13. Bxh6 $18) 12... f4 13. dxe5 $1 (13. Bf2 Nc6 (13...
Nf7) 14. d5) 13... Qxd2+ 14. Bxd2 Bxe5 15. c5 {[%cal Ye2c4]} Nd7 16. Na4 (16.
Bc4+ Kg7) 16... Rfd8 17. Bb5 a6 (17... c6 $2 18. Bc4+ Nf7 19. Ba5 $18) 18. Bc4+
Nf7 19. Ba5 (19. Bd5 Rab8 {[%cal Yd7f6]}) 19... Nf6 20. Nc3 Rxd1+ (20... Nd7
21. Rd5 Kg7 22. Rhd1 Nf6 23. Rxd8 Rxd8 24. Rxd8 Nxd8 25. Nd5 Nxd5 26. exd5 $16)
21. Rxd1 Re8 22. Nd5 c6 $2 (22... Nxd5 23. Rxd5 Re7 24. c6 $16) 23. Nc7 (23.
Nxf6+ $1 Bxf6 24. Bc3 Bxc3 25. Rd7 $18) 23... Re7 24. Rd8+ (24. Ne6 {[%cal
Re6d8]} Kh8 25. h4 $16) 24... Kg7 25. Ne6+ Kh6 (25... Rxe6 26. Bxe6 Nxd8 27.
Bxd8 {[%cal Re6c8]}) 26. Rf8 Nd7 27. Rc8 Nf6 (27... Bf6 28. Nxf4 Nfe5 29. Be2
Nxc5) 28. Bd2 g5 (28... Ng5 $1 29. Nxg5 (29. Nxf4 $2 Nxf3) (29. Bxf4 $2 Bxf4+
30. Nxf4 Nxf3) 29... Kxg5) 29. Rf8 Kg6 30. h3 h6 31. Ba5 Nd7 32. Rc8 Nf6 (32...
Bf6 33. Rc7 Nfe5) 33. b3 Kh7 (33... h5) 34. Nd8 Nxd8 35. Bxd8 Rg7 (35... Rd7
36. Be6 Rd3 37. Bxf6 Bxf6 38. Rc7+) 36. Be6 Kg6 37. Bf5+ Kh5 38. Ba5 Bd4 39.
Bb4 Bf2 40. Kd1 Kh4 41. Ke2 Bg3 $2 (41... Bd4) 42. Bc3 $18 Rf7 43. Rh8 Kh5 44.
Rd8 Nh7 45. Rd6 Nf8 46. Bg4+ 1-0

[Event "Aars"]
[Site "Aars"]
[Date "1995.??.??"]
[Round "4"]
[White "Gausel, Einar"]
[Black "Brynell, Stellan"]
[Result "1-0"]
[WhiteElo "2495"]
[BlackElo "2460"]
[Annotator "Horn,Pe"]
[PlyCount "79"]
[EventDate "1995.10.??"]
[EventType "tourn"]
[EventRounds "9"]
[EventCountry "DEN"]
[EventCategory "9"]
[SourceTitle "CBM 050"]
[Source "ChessBase"]
[SourceDate "1996.02.01"]
[SourceVersion "1"]
[SourceVersionDate "1996.02.01"]
[SourceQuality "1"]

1. Nf3 Nf6 2. c4 c5 3. g3 Nc6 4. Bg2 d5 5. O-O d4 6. d3 e5 7. e3 dxe3 8. Bxe3 (
8. fxe3 e4 9. dxe4 Qxd1 (9... Be6 10. b3 Nxe4 11. Bb2 Qxd1 (11... Qe7) 12. Rxd1
Nb4 13. Na3 Nd6 14. Ng5 O-O-O 15. Nxe6 $14 {Despotovic-Buljovcic/YU-ch/1968})
10. Rxd1 Nxe4 11. Nd4 $5 cxd4 12. Bxe4 Be6 (12... dxe3 13. Bxe3 $14) 13. exd4 (
13. b3 dxe3 (13... Bc5 14. Bxc6+ bxc6 15. exd4 O-O-O 16. Bb2) 14. Bxe3 $14)
13... Bxc4 14. Be3 Nd8 (14... Rd8 15. Nc3) 15. Nd2 $36 Ba6 16. Re1 Be7 17. Bg5
f6 18. Be3 O-O 19. Bf4 Bb4 20. a3 Bxd2 21. Bxd2 Nf7 22. Rac1 Rfd8 23. Rc7 Nd6
24. Bd5+ $14 {Bilek,I-Kluger,G/Hungary (XXI.ch)/1965}) 8... Be7 (8... h6 9. Nc3
Bd6 10. Nd2 Ng4 11. Nde4 Nxe3 12. fxe3 O-O 13. Qh5 $1 f5 14. Qg6 Be7 15. g4 (
15. Nd5 $5) 15... Bg5 (15... fxe4 16. Bxe4 $16) 16. Nxg5 Qxg5 17. Qxg5 hxg5 18.
Bd5+ Kh7 19. Ne4 (19. gxf5 $16) 19... Nb4 20. Rf3 (20. gxf5 $16) 20... Nxd5 (
20... Nxd3 $5) 21. cxd5 f4 22. h3 Kg6 23. Nxc5 b6 24. Ne4 $16 {Bistric,
F-Ivanovic,B/Banja Vrucica ch-YU/1991} (24. Nb3 $16)) 9. Nc3 O-O (9... Bf5 10.
Qb3 b6 $1 11. Nd5 $6 (11. Nh4 $5 {Flohr} Bd7 12. Nf5) (11. Nd2 {Flohr} Rc8 12.
Nde4) 11... O-O 12. Rfe1 Nxd5 13. cxd5 Na5 (13... Nd4 14. Bxd4 exd4 15. Ne5 Bd6
) 14. Qc3 f6 15. Nd2 Rc8 16. Nc4 Nxc4 $1 (16... Nb7 $10) 17. dxc4 Bd6 18. f4 $2
exf4 19. Bxf4 Bxf4 20. gxf4 Qd6 21. Qg3 Rfe8 22. Bf3 Qd7 23. b3 Kf8 24. Bh5 {
+/= Ftacnik} g6 25. Be2 $6 (25. Bf3) 25... Re7 26. Bd3 Rce8 27. Kf2 (27. Rxe7
Rxe7 28. Rd1) 27... Bxd3 28. Qxd3 Qg4 29. Qg3 Qf5 30. Qf3 Re4 31. Rxe4 Rxe4 32.
Kg3 g5 33. fxg5 Qxg5+ 34. Kf2 Rf4 {0-1 Kortschnoj-Flohr/SSSR-ch/1954}) 10. Qb3
$146 (10. Re1 h6 11. Nd5 $6 Nxd5 12. cxd5 Nb4 (12... Qxd5 $5 13. d4 e4 14. Nd2
f5 15. dxc5 Rd8 $132) 13. Nxe5 Nxd5 14. Bd2 Bf6 $2 (14... Be6 $10) 15. Qb3 Be6
16. Qxb7 $16 {Schmidt-Radulov/EM/1978}) (10. Na4 Bf5 $6 (10... Nd7) 11. Nxc5
Ng4 12. Ne4 Nxe3 13. fxe3 Bxe4 14. dxe4 Bc5 15. Qe2 Qb6 16. Rae1 Rad8 17. Bh3
Rd6 18. Nh4 g6 19. Kh1 Rfd8 20. Qf3 $16 {Yudovich,M-Tenenbaum/Moskau/1961})
10... Nd4 11. Bxd4 cxd4 12. Nd5 Nxd5 13. cxd5 Bd6 14. Rfe1 Re8 15. Nd2 Rb8 16.
a4 $10 Bf5 17. Nc4 Qd7 18. Rac1 Bg6 19. Re2 f6 20. Rec2 Bf8 21. Na5 Bd6 22. Nc4
Bf8 23. Nd2 {Weiß möchte mehr als Remis.} (23. Na5 $10) 23... Bd6 (23... Rec8
$5 $10) 24. Ne4 Bxe4 $6 (24... Bf5 $10) 25. dxe4 $14 Rbc8 26. h4 Rxc2 27. Rxc2
Kf8 (27... Rc8 28. Rxc8+ Qxc8 29. Kh2 b6 30. Bh3 Qa6 31. Qc2) 28. Kh2 Rb8 29.
Bh3 Qd8 30. Be6 g6 31. Qf3 Kg7 32. h5 Qa5 33. Kg2 $6 (33. b3 $14) 33... Qxa4
34. Rc1 Rf8 35. Rh1 Qc2 $2 (35... Qe8 $142 36. Qg4) 36. hxg6 h6 (36... hxg6 $2
37. Qg4 $18 {[%cal Re6f5]}) 37. Bg4 $5 {[%cal Yf3f5,Yf5d7]} (37. Rxh6 $6 Kxh6
38. g7 Kxg7 39. Qg4+ Kh8 40. Qh5+ Kg7 41. Qg4+ $10) 37... Qc7 (37... Kxg6 $4
38. Qf5+ Kg7 39. Qd7+ $18) 38. Qf5 Bb4 $2 (38... Rh8 39. Rc1 $5 Qe7 (39... Qxc1
$2 40. Qd7+ Kxg6 41. Bf5+ Kg5 42. Qg7+ Kh5 43. Bg4#) 40. Bh5 b6 41. Rc8 Rxc8
42. Qxc8 {[%cal Yg2h3,Yh3g4,Yg4f5]}) 39. Rxh6 $1 Rh8 40. Rxh8 1-0

[Event "Moscow Aeroflot op-A"]
[Site "Moscow"]
[Date "2004.02.22"]
[Round "6"]
[White "Markowski, Tomasz"]
[Black "Romanishin, Oleg M"]
[Result "1-0"]
[WhiteElo "2603"]
[BlackElo "2537"]
[Annotator "Konikowski,J"]
[PlyCount "85"]
[EventDate "2004.02.17"]
[EventType "swiss"]
[EventRounds "9"]
[EventCountry "RUS"]
[SourceTitle "CBM 100"]
[Source "ChessBase"]
[SourceDate "2004.06.01"]
[SourceVersion "1"]
[SourceVersionDate "2004.06.01"]
[SourceQuality "1"]

1. g3 d5 2. Nf3 Nf6 3. Bg2 g6 4. c4 dxc4 5. Na3 Be6 (5... Bg7 6. Nxc4 O-O 7. b3
(7. O-O c6 8. d3 Ne8 9. Rb1 Nd6 10. b3 Na6 11. Bd2 Bd7 12. h3 Qc8 13. Kh2 Nxc4
14. bxc4 b6 15. Ng5 Qc7 16. Ne4 f5 17. Nc3 Nc5 18. Na4 Nxa4 19. Qxa4 f4 20. c5
Be5 $132 {Karpeshov,O-Poliakov,S/Orsk 2000/}) 7... b5 8. Nce5 Bb7 9. Bb2 c5 10.
O-O Nbd7 11. Rc1 Rc8 12. Rc2 Nxe5 13. Bxe5 c4 14. bxc4 bxc4 15. Rb2 Bc6 16. Bc3
Qd6 17. Qc2 Rfd8 18. Be5 Qc5 19. Bd4 Qa5 $11 {Ninov,K-Romanishin,O/Sarajevo
1988/}) 6. O-O $146 {[%mdl 8]} (6. Qc2 Bg7 (6... Bd5 7. Nxc4 Nc6 8. O-O Bxf3 9.
Bxf3 Nd4 10. Qd3 Nxf3+ 11. Qxf3 c6 12. Qb3 b6 $11 {Tal,M-Kruppa,Y/Moscow 1991/
URS-ch/}) 7. Nxc4 O-O 8. b3 c5 9. Bb2 Nc6 10. O-O Rc8 11. Rac1 b6 12. Qb1 Bd5
13. Rfd1 Nd7 14. e3 Bxf3 15. Bxf3 Nde5 {1/2-1/2 Panno,O-Slipak,S/Buenos Aires
1999/}) 6... Bg7 7. Qc2 O-O 8. Nxc4 Nc6 9. d3 Bd5 10. e4 Bxc4 $6 (10... Be6 $5)
11. dxc4 $14 e5 12. Rd1 Qe7 13. c5 Rad8 14. Be3 Ng4 15. Bg5 Bf6 16. Bd2 Nd4 17.
Qc4 Bg7 18. Bc3 Nc2 19. Rxd8 Rxd8 20. Rc1 Nd4 21. h3 Nxf3+ 22. Bxf3 Nf6 23. c6
b6 24. b4 h5 25. h4 Nh7 (25... Ne8 $5 $14) 26. Rd1 $16 Rxd1+ 27. Bxd1 Nf8 28.
Bb3 Ne6 29. Qd5 Nd4 30. Bc4 Qf6 (30... Bf8 31. f4 $18) 31. Bxd4 exd4 32. Qd7 d3
(32... Qe5 33. Qxf7+ Kh7 34. Bd3 $18) 33. e5 $1 Qf3 (33... Qxe5 34. Qxf7+ Kh7
35. Bxd3 Qd6 36. Qd7 Qxd7 (36... Qxb4 37. Qxc7 Qe1+ 38. Bf1 Qc3 39. Qd7 Kh6 40.
c7 Bd4 41. Kg2 $18) 37. cxd7 Bf6 38. b5 $18) 34. Bxd3 Kh7 $2 (34... Bxe5 $5 35.
Qe8+ Kh7 36. Qxe5 Qxd3 37. Qxc7 Qd1+ 38. Kh2 Qf3 39. Qf4 Qxc6 40. Qxf7+ Kh6 41.
Qxa7 $16) 35. e6 fxe6 36. Bf1 e5 37. Qxc7 e4 38. Qf4 Qc3 39. Qxe4 (39. c7 $142
$18) 39... Qe5 40. Bd3 (40. Qf4 $5 $18) 40... Qxe4 41. Bxe4 Be5 42. f4 Bc7 43.
a4 1-0